[Event "Styrian op U14/18 26th"]
[Site "Mureck"]
[Date "2019.08.08"]
[Round "9"]
[White "Bakalarz, Adrian"]
[Black "Raith, Selina"]
[Result "0-1"]
[WhiteElo "1262"]
[BlackElo "1228"]
[PlyCount "72"]
[EventDate "2019.07.31"]
[EventType "swiss"]
[EventRounds "9"]
[EventCountry "AUT"]
[SourceTitle "EXT 2020"]
[Source "ChessBase"]
[SourceDate "2019.10.17"]
[SourceVersion "1"]
[SourceVersionDate "2019.10.17"]
[SourceQuality "1"]

1. e4 e5 2. d4 exd4 3. c3 dxc3 4. Nxc3 Nc6 5. Nf3 Bb4 6. Bc4 d6 7. Qb3 Qe7 8. Ng5 Bxc3+ 9. Qxc3 Nf6 10. Bxf7+ Kd8 11. Qc4 Ne5 12. Ne6+ Bxe6 13. Qxe6 Qxf7 14. Qh3 Nxe4 15. Qh4+ Nf6 16. 0-0 Qg6 17. f4 Nc6 18. b3 Qg4 19. Qf2 Kd7 20. Bb2 Rhf8 21. Rae1 Rad8 22. a3 Kc8 23. b4 Rde8 24. b5 Rxe1 25. Rxe1 Nb8 26. Bxf6 gxf6 27. Qxa7 Qxf4 28. g3 Qd2 29. Rf1 Re8 30. Rxf6 Re1+ 31. Rf1 Rxf1+ 32. Kxf1 Qd3+ 33. Kg2 Qxb5 34. Qf2 Nc6 35. Qf8+ Nd8 36. Qg7 Qe2+ 0-1

[Event "Styrian op U14/18 26th"]
[Site "Mureck"]
[Date "2019.08.05"]
[Round "6"]
[White "Sohn, Benedikt"]
[Black "Raith, Selina"]
[Result "1/2-1/2"]
[WhiteElo "1275"]
[BlackElo "1228"]
[PlyCount "97"]
[EventDate "2019.07.31"]
[EventType "swiss"]
[EventRounds "9"]
[EventCountry "AUT"]
[SourceTitle "EXT 2020"]
[Source "ChessBase"]
[SourceDate "2019.10.17"]
[SourceVersion "1"]
[SourceVersionDate "2019.10.17"]
[SourceQuality "1"]

1. d4 d5 2. Nf3 Nf6 3. g3 Bg4 4. Ne5 Bf5 5. Bg2 e6 6. c4 c6 7. 0-0 Be7 8. b3 Nbd7 9. Nf3 0-0 10. Bb2 Qb6 11. Nbd2 Ne4 12. e3 Bg4 13. Qc2 Nxd2 14. Nxd2 Nf6 15. Rab1 Rac8 16. c5 Qc7 17. b4 b6 18. Nb3 bxc5 19. dxc5 Rb8 20. a3 Bf5 21. Qd2 Ne4 22. Bxe4 Bxe4 23. f4 Qd8 24. Be5 Rc8 25. Rbd1 Bf6 26. Bd4 Qe7 27. Qc3 Bxd4 28. exd4 Qf6 29. Nd2 Bf5 30. Nf3 Bg4 31. Rd3 Bf5 32. Re3 Be4 33. Nd2 Bf5 34. Qb2 Rb8 35. Nf3 Rb7 36. Ne5 Rc8 37. a4 a6 38. Rb3 Qe7 39. b5 axb5 40. axb5 cxb5 41. Rxb5 Rxb5 42. Qxb5 Qa7 43. Qb3 f6 44. Nf3 Kf7 45. Rc1 Qa6 46. Kf2 Be4 47. Nd2 Bf5 48. Qb2 Bg4 49. Nf3 1/2-1/2

[Event "Styrian op U14/18 26th"]
[Site "Mureck"]
[Date "2019.08.03"]
[Round "4"]
[White "Raith, Selina"]
[Black "Hiebner, Carina"]
[Result "0-1"]
[WhiteElo "1228"]
[BlackElo "1455"]
[PlyCount "108"]
[EventDate "2019.07.31"]
[EventType "swiss"]
[EventRounds "9"]
[EventCountry "AUT"]
[SourceTitle "EXT 2020"]
[Source "ChessBase"]
[SourceDate "2019.10.17"]
[SourceVersion "1"]
[SourceVersionDate "2019.10.17"]
[SourceQuality "1"]

1. e4 a6 2. d4 d6 3. Nc3 Nf6 4. Nf3 g6 5. Be3 Bg7 6. Qd3 Ng4 7. h3 Nxe3 8. Qxe3 Nd7 9. 0-0-0 b5 10. e5 0-0 11. Kb1 Nb6 12. h4 h5 13. Bd3 c6 14. Ng5 b4 15. Ne2 Nd5 16. Qg3 dxe5 17. dxe5 Qb6 18. Nf4 Nc3+ 19. Kc1 Nxd1 20. Rxd1 Bxe5 21. Nxf7 Bxf4+ 22. Qxf4 Rxf7 23. Bc4 e6 24. Qg5 Kh7 25. Bd3 Rg7 26. Qxh5+ Kg8 27. Bxg6 Raa7 28. Qg5 Rad7 29. Bh7+ Kh8 30. Qh6 Rxd1+ 31. Kxd1 Qd8+ 32. Bd3+ Kg8 33. Qh5 Bd7 34. Kc1 Be8 35. Qe5 Qe7 36. g3 Qf7 37. Bxa6 Bd7 38. Qe3 Qf6 39. Bc4 Qe7 40. Qe5 Qe8 41. Qf6 Qe7 42. Qe5 Qe8 43. Qf6 Qe7 44. Qe5 Qf7 45. Qe3 Qf6 46. Qd2 Rf7 47. f4 Qe7 48. Qe3 Rg7 49. b3 Qf6 50. Kb1 Kf7 51. Qd2 Qe7 52. Qd3 Kf8 53. Qf3 Qc5 54. Qg2 Qe3 0-1

[Event "Styrian op U14/18 25th"]
[Site "Mureck"]
[Date "2018.08.08"]
[Round "8"]
[White "Karner, Stefan"]
[Black "Raith, Selina"]
[Result "1-0"]
[WhiteElo "1543"]
[BlackElo "1229"]
[PlyCount "64"]
[EventDate "2018.08.01"]
[EventType "swiss"]
[EventRounds "9"]
[EventCountry "AUT"]
[SourceTitle "CBM 186 Extra"]
[Source "ChessBase"]
[SourceDate "2018.08.24"]
[SourceVersion "1"]
[SourceVersionDate "2018.08.24"]
[SourceQuality "1"]

1. d4 d5 2. c4 c6 3. Nc3 Nf6 4. Nf3 dxc4 5. a4 Bf5 6. e3 e6 7. Bxc4 Bb4 8. 0-0 0-0 9. Qe2 c5 10. dxc5 Bxc5 11. Rd1 Qc7 12. b3 Nc6 13. Bb2 Rfd8 14. Nb5 Qe7 15. h3 a6 16. Nbd4 Nxd4 17. Nxd4 Bg6 18. Rac1 Rac8 19. Qe1 h6 20. Nf3 Bb6 21. Rxd8+ Rxd8 22. Nd4 Nd5 23. Qe2 Ba5 24. Bxa6 e5 25. Bxb7 Qxb7 26. Nb5 f6 27. Rd1 Ne7 28. Rxd8+ Bxd8 29. Qc4+ Bf7 30. Qxf7+ Kxf7 31. Nd6+ Kf8 32. Nxb7 Ba5 1-0

[Event "Styrian op U14/18 25th"]
[Site "Mureck"]
[Date "2018.08.04"]
[Round "4"]
[White "Frank, Michael"]
[Black "Raith, Selina"]
[Result "0-1"]
[WhiteElo "1174"]
[BlackElo "1229"]
[PlyCount "80"]
[EventDate "2018.08.01"]
[EventType "swiss"]
[EventRounds "9"]
[EventCountry "AUT"]
[SourceTitle "CBM 186 Extra"]
[Source "ChessBase"]
[SourceDate "2018.08.24"]
[SourceVersion "1"]
[SourceVersionDate "2018.08.24"]
[SourceQuality "1"]

1. d4 d5 2. c4 c6 3. Nf3 Nf6 4. Nc3 dxc4 5. e3 Bf5 6. Bxc4 e6 7. 0-0 Nbd7 8. Qe2 Be7 9. e4 Bg6 10. e5 Nd5 11. Nxd5 cxd5 12. Bb5 0-0 13. Bd2 a6 14. Ba4 b5 15. Bb3 Nb6 16. Ba5 Qb8 17. Rac1 Nc4 18. Bxc4 bxc4 19. Qd2 h6 20. h3 Rc8 21. b3 cxb3 22. Rxc8+ Qxc8 23. axb3 Qb7 24. Qc3 Rc8 25. Qb2 Rc2 26. Qa1 Qxb3 27. Rb1 Qa2 28. Qxa2 Rxa2 29. Rb8+ Kh7 30. Bb4 Bxb4 31. Rxb4 Ra1+ 32. Kh2 Rb1 33. Ra4 Bd3 34. Ra3 Bb5 35. Nd2 Rb2 36. Nb3 Rxf2 37. Nc5 Rd2 38. Nxa6 Bxa6 39. Rxa6 Rxd4 40. Ra7 Kg6 0-1

[Event "Styrian op U14/16 24th"]
[Site "Mureck"]
[Date "2017.08.10"]
[Round "9"]
[White "Raith, Selina"]
[Black "Wendl, Paul"]
[Result "1/2-1/2"]
[WhiteElo "1247"]
[BlackElo "1316"]
[PlyCount "60"]
[EventDate "2017.08.02"]
[EventType "swiss"]
[EventRounds "9"]
[EventCountry "AUT"]
[SourceTitle "EXT 2019"]
[Source "ChessBase"]
[SourceDate "2018.10.10"]
[SourceVersion "1"]
[SourceVersionDate "2018.10.10"]
[SourceQuality "1"]

1. e4 e5 2. Nf3 Nc6 3. Bc4 Bc5 4. Nc3 d6 5. h3 Nf6 6. d3 h6 7. 0-0 0-0 8. Be3 Bb6 9. Qd2 Be6 10. Bb3 Qd7 11. Ne2 d5 12. exd5 Bxd5 13. Bxd5 Nxd5 14. c3 Rfe8 15. Ng3 Re7 16. Rfe1 Rae8 17. Bxb6 Nxb6 18. Qd1 Nd5 19. Nh4 g6 20. Qd2 Kh7 21. Ne4 Kg7 22. Nf3 b6 23. Rad1 f5 24. Ng3 Nf6 25. Qc2 Re6 26. Qe2 Qf7 27. Qc2 Qd7 28. Qe2 Qf7 29. Qc2 Qd7 30. Qe2 Qf7 1/2-1/2

[Event "Styrian op U14/16 24th"]
[Site "Mureck"]
[Date "2017.08.08"]
[Round "7"]
[White "Frank, Michael"]
[Black "Raith, Selina"]
[Result "1/2-1/2"]
[WhiteElo "1187"]
[BlackElo "1247"]
[PlyCount "131"]
[EventDate "2017.08.02"]
[EventType "swiss"]
[EventRounds "9"]
[EventCountry "AUT"]
[SourceTitle "EXT 2019"]
[Source "ChessBase"]
[SourceDate "2018.10.10"]
[SourceVersion "1"]
[SourceVersionDate "2018.10.10"]
[SourceQuality "1"]

1. d4 d5 2. c4 c6 3. Nf3 Nf6 4. Nc3 Bf5 5. Bf4 dxc4 6. a4 e6 7. e3 Bb4 8. Bxc4 Nbd7 9. 0-0 0-0 10. Qe2 Re8 11. Rac1 Qa5 12. Qd1 Rad8 13. Qb3 Bxc3 14. bxc3 Qb6 15. Qxb6 Nxb6 16. Bb3 Rc8 17. a5 Nbd5 18. Be5 Ne4 19. c4 Ndf6 20. c5 Bg4 21. Bxf6 Bxf3 22. Be5 Nd2 23. gxf3 Nxb3 24. Rc2 Nxa5 25. Ra1 b6 26. cxb6 axb6 27. Rb2 Nc4 28. Rb4 b5 29. Ra6 Red8 30. Bf4 Rd7 31. Kf1 Rb7 32. Ke2 h6 33. Kd3 f6 34. Rb1 Nb6 35. Bd6 Na4 36. Rxa4 Rd7 37. Ra2 Rxd6 38. Rg1 Rd7 39. Rc2 c5 40. Rb1 c4+ 41. Ke4 Rb7 42. f4 b4 43. d5 exd5+ 44. Kxd5 c3 45. Rb3 Rd7+ 46. Ke4 Rd2 47. Rxd2 cxd2 48. Rd3 b3 49. Rxd2 Rc2 50. Rd8+ Kh7 51. Rb8 Rxf2 52. Rxb3 Rxh2 53. Kf5 Rg2 54. Rb7 h5 55. Rb1 Rg3 56. e4 Kh6 57. Rh1 Rb3 58. e5 fxe5 59. fxe5 g6+ 60. Kf6 Rf3+ 61. Ke7 Kg7 62. e6 Rd3 63. Rf1 h4 64. Rf7+ Kg8 65. Rf8+ Kg7 66. Rf7+ 1/2-1/2

[Event "Weiz op 16th"]
[Site "Weiz"]
[Date "2017.06.15"]
[Round "1.15"]
[White "Amtmann, Franz"]
[Black "Raith, Selina"]
[Result "1/2-1/2"]
[WhiteElo "1768"]
[BlackElo "1247"]
[PlyCount "152"]
[EventDate "2017.06.15"]
[EventType "swiss"]
[EventRounds "5"]
[EventCountry "AUT"]
[SourceTitle "EXT 2024"]
[Source "ChessBase"]
[SourceDate "2023.10.10"]
[SourceVersion "1"]
[SourceVersionDate "2023.10.10"]
[SourceQuality "1"]

1. e4 e5 2. Nf3 Nc6 3. Bc4 Bc5 4. a3 Nf6 5. d3 d6 6. b4 Bb6 7. Bg5 h6 8. Bh4 Bg4 9. 0-0 Nd4 10. Nbd2 Qe7 11. c3 Ne6 12. Qc2 Nf4 13. d4 Ng6 14. Bg3 0-0 15. dxe5 dxe5 16. Nh4 Nxh4 17. Bxh4 Qd6 18. Kh1 a6 19. f3 Bh5 20. Bb3 Ba7 21. Nc4 Qe7 22. Rad1 b5 23. Nb2 Rad8 24. g4 g5 25. Bg3 Bg6 26. Qe2 Rfe8 27. Rd3 h5 28. Rfd1 Rxd3 29. Nxd3 hxg4 30. Nxe5 gxf3 31. Nxg6 fxe2 32. Nxe7+ Rxe7 33. Rd8+ Kg7 34. Kg2 Rxe4 35. Be1 g4 36. Bc2 Re3 37. Rd3 Re5 38. Rg3 Kh6 39. Bd3 Kh5 40. h3 Bb6 41. hxg4+ Nxg4 42. Rh3+ Kg5 43. Bh4+ Kh6 44. Bf6+ Rh5 45. Rxh5+ Kxh5 46. Bxe2 Be3 47. Bd8 Bg5 48. Bxc7 f5 49. Be5 Kg6 50. Bd4 Be3 51. Kf3 Bxd4 52. cxd4 Kf6 53. Kf4 Ke6 54. Bf3 Nh2 55. Bb7 Nf1 56. Bxa6 Kd5 57. Bxb5 Nd2 58. a4 Nb3 59. a5 Nxd4 60. Bd3 Nc6 61. a6 Na7 62. Kxf5 Kc6 63. Ke6 Nc8 64. b5+ Kc7 65. Bf1 Kb8 66. Kd7 Nb6+ 67. Kc6 Ka7 68. Bh3 Na8 69. Be6 Nb6 70. Bd5 Na8 71. Kd7 Nb6+ 72. Kd6 Nc8+ 73. Kc5 Nb6 74. Bb7 Nd7+ 75. Kd6 Nb6 76. Kc7 Nc4 1/2-1/2

[Event "EU Union-ch U14 14th"]
[Site "Mureck"]
[Date "2016.08.09"]
[Round "7"]
[White "Grabcheva, Natalia"]
[Black "Raith, Selina"]
[Result "1-0"]
[WhiteElo "1686"]
[BlackElo "1338"]
[PlyCount "109"]
[EventDate "2016.08.03"]
[EventType "swiss"]
[EventRounds "9"]
[EventCountry "AUT"]
[SourceTitle "CBM 174 Extra"]
[Source "ChessBase"]
[SourceDate "2016.10.10"]
[SourceVersion "1"]
[SourceVersionDate "2016.10.10"]
[SourceQuality "1"]

1. Nf3 d5 2. d4 c5 3. e3 Nc6 4. Bb5 Nf6 5. Ne5 Bd7 6. Bxc6 Bxc6 7. 0-0 e6 8. Nd2 Bd6 9. Ndf3 0-0 10. b3 Ne4 11. Bb2 Bb5 12. c4 Bc6 13. cxd5 Bxd5 14. Nc4 Bc7 15. Rc1 Ng5 16. Nce5 Nxf3+ 17. Nxf3 cxd4 18. Qxd4 f6 19. Qg4 Qd6 20. Ba3 Qxa3 21. Rxc7 Rf7 22. Rxf7 Kxf7 23. e4 Bc6 24. Qf4 Kg8 25. e5 f5 26. Qc4 Bd5 27. Qc2 h6 28. Nd4 a6 29. Rd1 Qa5 30. Qd3 Re8 31. a4 Be4 32. Qg3 Rd8 33. Qe3 Bc6 34. Rc1 Qd5 35. Nxc6 Qd1+ 36. Qe1 Qxe1+ 37. Rxe1 bxc6 38. g3 Kf7 39. Rc1 Ke7 40. Rxc6 Rd5 41. Rxa6 Rxe5 42. b4 Kd8 43. Rb6 Kc7 44. a5 Re1+ 45. Kg2 Ra1 46. Rxe6 Kc8 47. Rg6 Ra4 48. Rxg7 Rxb4 49. Rg6 Ra4 50. Rxh6 Rxa5 51. Rh5 Kd7 52. g4 Ke6 53. Rxf5 Rxf5 54. gxf5+ Kxf5 55. Kg3 1-0

[Event "EU Union-ch U14 14th"]
[Site "Mureck"]
[Date "2016.08.05"]
[Round "3"]
[White "Raith, Selina"]
[Black "Bitkova, Jelizaveta"]
[Result "1/2-1/2"]
[WhiteElo "1338"]
[BlackElo "1433"]
[PlyCount "76"]
[EventDate "2016.08.03"]
[EventType "swiss"]
[EventRounds "9"]
[EventCountry "AUT"]
[SourceTitle "CBM 174 Extra"]
[Source "ChessBase"]
[SourceDate "2016.10.10"]
[SourceVersion "1"]
[SourceVersionDate "2016.10.10"]
[SourceQuality "1"]

1. e4 e6 2. d4 d5 3. Nc3 Nf6 4. Bd3 c5 5. dxc5 Bxc5 6. Bg5 Be7 7. Nf3 dxe4 8. Nxe4 Nxe4 9. Bxe7 Qxe7 10. Bxe4 Qb4+ 11. Nd2 Qxb2 12. 0-0 Qf6 13. Rb1 Nc6 14. Nf3 0-0 15. Qd2 h6 16. Rfd1 Qe7 17. Qf4 e5 18. Qg3 Re8 19. Re1 Qc5 20. Bxc6 Qxc6 21. Nxe5 Qxc2 22. Ra1 Be6 23. a3 Qf5 24. Nf3 Bd5 25. Nd4 Qd7 26. Red1 Rad8 27. h3 Qe7 28. Nf5 Qg5 29. Qxg5 hxg5 30. Ne3 Bb3 31. Rdb1 Bd5 32. Rb5 Bc6 33. Rxg5 Rd3 34. a4 Re4 35. a5 Ra4 36. Re1 Rda3 37. Nf5 g6 38. Ne7+ Kg7 1/2-1/2

[Event "EU Union-ch U14 14th"]
[Site "Mureck"]
[Date "2016.08.03"]
[Round "1"]
[White "Dabic, Stjepan"]
[Black "Raith, Selina"]
[Result "1-0"]
[WhiteElo "1741"]
[BlackElo "1338"]
[PlyCount "79"]
[EventDate "2016.08.03"]
[EventType "swiss"]
[EventRounds "9"]
[EventCountry "AUT"]
[SourceTitle "CBM 174 Extra"]
[Source "ChessBase"]
[SourceDate "2016.10.10"]
[SourceVersion "1"]
[SourceVersionDate "2016.10.10"]
[SourceQuality "1"]

1. d4 d5 2. c4 c6 3. cxd5 cxd5 4. Bf4 Nc6 5. Nc3 Bf5 6. e3 e6 7. f3 Nf6 8. g4 Bg6 9. a3 h6 10. Bd3 Bxd3 11. Qxd3 Be7 12. Nge2 Qb6 13. b4 a6 14. 0-0 Rd8 15. Na4 Qb5 16. Qxb5 axb5 17. Nac3 g5 18. Bc7 Rc8 19. Nxb5 Kd7 20. Bg3 h5 21. h3 Rh7 22. Kg2 Rch8 23. Nc1 hxg4 24. hxg4 Ne8 25. Nd3 Nd6 26. Nxd6 Bxd6 27. Bxd6 Kxd6 28. Rh1 f5 29. Rxh7 Rxh7 30. Re1 b6 31. Rc1 fxg4 32. fxg4 Rf7 33. Rxc6+ Kxc6 34. Ne5+ Kb5 35. Nxf7 Ka4 36. Nxg5 Kxa3 37. Nxe6 Kxb4 38. Nc7 Kc4 39. g5 b5 40. Nxb5 1-0

[Event "AUT-ch U14 Girls"]
[Site "St Veit"]
[Date "2016.05.16"]
[Round "5"]
[White "Oberberger, Sandra"]
[Black "Raith, Selina"]
[Result "0-1"]
[WhiteElo "968"]
[BlackElo "1294"]
[PlyCount "44"]
[EventDate "2016.05.14"]
[EventType "swiss"]
[EventRounds "7"]
[EventCountry "AUT"]
[SourceTitle "CBM 172 Extra"]
[Source "ChessBase"]
[SourceDate "2016.06.21"]
[SourceVersion "1"]
[SourceVersionDate "2016.06.21"]
[SourceQuality "1"]

1. c4 e5 2. Nc3 Nf6 3. e3 c6 4. Nf3 d6 5. d4 e4 6. Nd2 d5 7. Be2 Be7 8. 0-0 0-0 9. cxd5 cxd5 10. Nb5 a6 11. Nc3 Nc6 12. Nb3 Qc7 13. Nc5 Bd6 14. g3 Bh3 15. Re1 Qc8 16. N3a4 Bc7 17. Bf1 h5 18. Bxh3 Qxh3 19. f3 h4 20. Kf2 Qxh2+ 21. Kf1 Qh1+ 22. Ke2 Qg2# 0-1

[Event "AUT-ch U14 Girls"]
[Site "St Veit"]
[Date "2016.05.16"]
[Round "6"]
[White "Praschl, Michelle"]
[Black "Raith, Selina"]
[Result "0-1"]
[WhiteElo "800"]
[BlackElo "1294"]
[PlyCount "50"]
[EventDate "2016.05.14"]
[EventType "swiss"]
[EventRounds "7"]
[EventCountry "AUT"]
[SourceTitle "CBM 172 Extra"]
[Source "ChessBase"]
[SourceDate "2016.06.21"]
[SourceVersion "1"]
[SourceVersionDate "2016.06.21"]
[SourceQuality "1"]

1. e4 e6 2. Nf3 d5 3. d3 c5 4. Be2 Nf6 5. Nc3 d4 6. Nb5 Bd7 7. Nd6+ Bxd6 8. e5 Bxe5 9. Nxe5 Nc6 10. Bf4 Nxe5 11. Bxe5 Bc6 12. 0-0 Qd5 13. Bf3 Qxe5 14. Re1 Qf5 15. c3 Bxf3 16. Qxf3 Qxf3 17. gxf3 dxc3 18. bxc3 0-0-0 19. Red1 b6 20. d4 cxd4 21. cxd4 Kb7 22. Rac1 Rc8 23. Rb1 Nd5 24. h4 Nc3 25. Rdc1 Nxb1 0-1

[Event "AUT-ch U14 Girls"]
[Site "St Veit"]
[Date "2016.05.14"]
[Round "2"]
[White "Raith, Selina"]
[Black "Moerwald, Miriam"]
[Result "1/2-1/2"]
[WhiteElo "1294"]
[BlackElo "1618"]
[PlyCount "75"]
[EventDate "2016.05.14"]
[EventType "swiss"]
[EventRounds "7"]
[EventCountry "AUT"]
[SourceTitle "CBM 172 Extra"]
[Source "ChessBase"]
[SourceDate "2016.06.21"]
[SourceVersion "1"]
[SourceVersionDate "2016.06.21"]
[SourceQuality "1"]

1. e4 c6 2. d4 d5 3. exd5 cxd5 4. Nf3 Nc6 5. Nc3 Bg4 6. Be2 e6 7. Bf4 Nf6 8. Ne5 Bxe2 9. Nxe2 Be7 10. Ng3 0-0 11. 0-0 Qb6 12. Nxc6 Qxc6 13. c3 a5 14. Be5 Kh8 15. Bxf6 Bxf6 16. Nh5 Be7 17. Qd3 Rab8 18. Qg3 Rg8 19. Qe5 f6 20. Qg3 Qe8 21. Qh3 Bd6 22. Rfe1 e5 23. Qg4 Rd8 24. Re3 Qd7 25. Qf3 e4 26. Qe2 Qf5 27. Ng3 Qd7 28. Nh5 Qf7 29. Ng3 Bf4 30. Nf5 Bxe3 31. Qxe3 Rge8 32. Re1 Qg6 33. Qh3 Rf8 34. Re3 Qf7 35. Rg3 Rg8 36. Rg4 h6 37. Rh4 Rge8 38. Qg3 1/2-1/2

[Event "EU Union-ch U14 13th"]
[Site "Mureck"]
[Date "2015.08.12"]
[Round "8"]
[White "Raith, Selina"]
[Black "Sarauskas, Andrius"]
[Result "0-1"]
[WhiteElo "1308"]
[BlackElo "1549"]
[PlyCount "66"]
[EventDate "2015.08.05"]
[EventType "swiss"]
[EventRounds "9"]
[EventCountry "AUT"]
[SourceTitle "EXT 2016"]
[Source "ChessBase"]
[SourceDate "2015.10.08"]
[SourceVersion "1"]
[SourceVersionDate "2015.10.08"]
[SourceQuality "1"]

1. e4 c6 2. d4 d5 3. exd5 cxd5 4. Nc3 Nf6 5. Nf3 Bf5 6. Bf4 Nc6 7. Bb5 e6 8. a3 Be7 9. 0-0 0-0 10. Re1 Rc8 11. Qd2 Ne4 12. Nxe4 Bxe4 13. Be2 Qb6 14. c3 Na5 15. Ra2 Qb3 16. Raa1 Rfd8 17. Ne5 f6 18. Ng4 Qb6 19. Ra2 Nb3 20. Qd1 h5 21. f3 Bh7 22. Nf2 g5 23. Bd2 e5 24. dxe5 fxe5 25. Kf1 e4 26. Nh3 d4 27. fxe4 dxc3 28. Qc2 Rxd2 29. Qb1 Rf8+ 30. Bf3 c2 31. Qxc2 Rxc2 32. Re2 Rxe2 33. Kxe2 Nc1+ 0-1

[Event "EU Union-ch U14 13th"]
[Site "Mureck"]
[Date "2015.08.11"]
[Round "7"]
[White "Kostecka, Marika"]
[Black "Raith, Selina"]
[Result "1-0"]
[WhiteElo "1504"]
[BlackElo "1308"]
[PlyCount "75"]
[EventDate "2015.08.05"]
[EventType "swiss"]
[EventRounds "9"]
[EventCountry "AUT"]
[SourceTitle "EXT 2016"]
[Source "ChessBase"]
[SourceDate "2015.10.08"]
[SourceVersion "1"]
[SourceVersionDate "2015.10.08"]
[SourceQuality "1"]

1. e4 e5 2. Nf3 Nc6 3. Bb5 a6 4. Ba4 Nf6 5. 0-0 Be7 6. Re1 b5 7. Bb3 d6 8. c3 0-0 9. h3 Na5 10. Bc2 c5 11. d4 Qc7 12. Nbd2 cxd4 13. cxd4 Bd7 14. Nf1 Rac8 15. Ne3 Rfd8 16. Bd2 Be6 17. d5 Bd7 18. Rc1 Qb6 19. Nh4 Nxe4 20. Bxe4 Bxh4 21. Qh5 Bf6 22. Qxh7+ Kf8 23. Bf5 Rxc1 24. Rxc1 Ke7 25. Bxd7 Kxd7 26. Nf5 Nc4 27. Bb4 a5 28. Bxd6 Nxd6 29. Rc6 Qb8 30. Rxd6+ Kc7 31. Rc6+ Kd7 32. Rxf6 gxf6 33. Qxf7+ Kc8 34. Ne7+ Kc7 35. Nc6+ Kc8 36. Nxb8 Kxb8 37. Qxf6 Rxd5 38. Qb6+ 1-0

[Event "EU Union-ch U14 13th"]
[Site "Mureck"]
[Date "2015.08.09"]
[Round "5"]
[White "Pribozic, Sabrina"]
[Black "Raith, Selina"]
[Result "1/2-1/2"]
[WhiteElo "1043"]
[BlackElo "1308"]
[PlyCount "50"]
[EventDate "2015.08.05"]
[EventType "swiss"]
[EventRounds "9"]
[EventCountry "AUT"]
[SourceTitle "EXT 2016"]
[Source "ChessBase"]
[SourceDate "2015.10.08"]
[SourceVersion "1"]
[SourceVersionDate "2015.10.08"]
[SourceQuality "1"]

1. d4 d5 2. Nf3 Nf6 3. e3 Nc6 4. Bd3 Bg4 5. 0-0 e6 6. a3 Bd6 7. b3 0-0 8. Bb2 Ne4 9. Nc3 Ng5 10. Be2 Bxf3 11. Bxf3 a6 12. Be2 Qf6 13. f4 Ne4 14. Rf3 Qg6 15. Bd3 f5 16. Rh3 Nf6 17. Be2 Qf7 18. Qe1 h6 19. Qg3 Kh8 20. Rf1 Ne7 21. Na4 Ng6 22. Nc5 Bxc5 23. dxc5 Kh7 24. Bxf6 Qxf6 25. Bh5 Ne7 1/2-1/2

[Event "AUT-ch U14 Girls"]
[Site "Woerth"]
[Date "2015.05.23"]
[Round "1.4"]
[White "Pribozic, Sabrina"]
[Black "Raith, Selina"]
[Result "0-1"]
[WhiteElo "945"]
[BlackElo "1216"]
[PlyCount "54"]
[EventDate "2015.05.23"]
[EventType "swiss"]
[EventRounds "7"]
[EventCountry "AUT"]
[SourceTitle "EXT 2024"]
[Source "ChessBase"]
[SourceDate "2023.10.10"]
[SourceVersion "1"]
[SourceVersionDate "2023.10.10"]
[SourceQuality "1"]

1. d4 d5 2. c4 c6 3. Nc3 Nf6 4. Nf3 Bf5 5. e3 e6 6. Be2 Bb4 7. a3 Be7 8. 0-0 h6 9. Qb3 Qc7 10. Re1 0-0 11. Bd2 Re8 12. Rac1 Bg6 13. Ne5 Bf5 14. Bd3 Bxd3 15. Nxd3 b6 16. e4 dxe4 17. Nxe4 Rd8 18. Bf4 Qc8 19. Be5 Ng4 20. Qd1 Nxe5 21. Nxe5 c5 22. d5 exd5 23. cxd5 Qb7 24. d6 Bf8 25. b4 Nc6 26. f4 Nd4 27. Nc4 f5 0-1

[Event "AUT-ch U12 Girls"]
[Site "Woerth"]
[Date "2014.06.10"]
[Round "7"]
[White "Raith, Selina"]
[Black "Lauda, Victoria"]
[Result "1-0"]
[WhiteElo "1245"]
[BlackElo "971"]
[PlyCount "55"]
[EventDate "2014.06.07"]
[EventType "swiss"]
[EventRounds "7"]
[EventCountry "AUT"]
[SourceTitle "EXT 2016"]
[Source "ChessBase"]
[SourceDate "2015.10.08"]
[SourceVersion "1"]
[SourceVersionDate "2015.10.08"]
[SourceQuality "1"]

1. e4 e5 2. Nf3 Nc6 3. d4 exd4 4. Bc4 Nf6 5. e5 Ng4 6. Nxd4 Bc5 7. Qxg4 0-0 8. Bh6 g6 9. Bxf8 Qxf8 10. Nxc6 dxc6 11. Qf4 Bf5 12. Bb3 Rd8 13. Nc3 Bb4 14. 0-0 a6 15. Rad1 Re8 16. a3 Bc5 17. Ne2 b5 18. Ng3 Bc8 19. Ne4 Ba7 20. Nf6+ Kg7 21. Nxe8+ Qxe8 22. Qf6+ Kg8 23. Rd8 Qxd8 24. Qxd8+ Kg7 25. Qf6+ Kg8 26. Rd1 h5 27. Qxf7+ Kh8 28. Rd8# 1-0

[Event "AUT-ch U12 Girls"]
[Site "Woerth"]
[Date "2014.06.07"]
[Round "2"]
[White "Raith, Selina"]
[Black "Moerwald, Magdalena"]
[Result "0-1"]
[WhiteElo "1245"]
[BlackElo "1520"]
[PlyCount "128"]
[EventDate "2014.06.07"]
[EventType "swiss"]
[EventRounds "7"]
[EventCountry "AUT"]
[SourceTitle "EXT 2016"]
[Source "ChessBase"]
[SourceDate "2015.10.08"]
[SourceVersion "1"]
[SourceVersionDate "2015.10.08"]
[SourceQuality "1"]

1. e4 c5 2. Nf3 Nc6 3. d4 cxd4 4. Nxd4 g6 5. c4 Bg7 6. Be3 Nf6 7. Nc3 d6 8. Bd3 Ng4 9. h3 Nxe3 10. fxe3 Nxd4 11. exd4 Bxd4 12. Qf3 Bg7 13. 0-0 0-0 14. Rad1 Qb6+ 15. Kh1 Qxb2 16. Nd5 Qe5 17. Nc7 Rb8 18. Ne8 Bh6 19. Nc7 Bd7 20. Nd5 Bg7 21. Qf2 b6 22. a3 Bc6 23. Qf3 Bxd5 24. exd5 Qf6 25. Qe3 Qh4 26. Rf4 Qh5 27. Be2 Qe5 28. Re4 Qc3 29. Qxc3 Bxc3 30. Rxe7 Rfe8 31. Rxe8+ Rxe8 32. Bf3 Re3 33. a4 Be5 34. Rb1 Ra3 35. Bd1 Re3 36. Bf3 Rd3 37. Kg1 Rd2 38. Kf1 Kf8 39. Ke1 Rc2 40. Be2 Bg3+ 41. Kf1 Ke8 42. Bd3 Rf2+ 43. Kg1 Ra2 44. Kf1 Rxa4 45. Ke2 Be5 46. Kf3 Bd4 47. Ke4 Bc5 48. Kf3 Ra3 49. Ke2 Ra2+ 50. Kf3 a5 51. Re1+ Kf8 52. Rb1 a4 53. g4 a3 54. Ke4 f5+ 55. gxf5 gxf5+ 56. Kxf5 Bd4 57. Be4 Be5 58. Rf1 Ke7 59. Rb1 Rh2 60. Rxb6 a2 61. Rb7+ Kd8 62. Rb8+ Kc7 63. Ra8 a1Q 64. Rxa1 Bxa1 0-1

[Event "Styrian op U08/12 20th"]
[Site "Mureck"]
[Date "2013.08.06"]
[Round "7"]
[White "Juvan, Jaka"]
[Black "Raith, Selina"]
[Result "1-0"]
[WhiteElo "1339"]
[BlackElo "1214"]
[PlyCount "59"]
[EventDate "2013.07.31"]
[EventType "swiss"]
[EventRounds "9"]
[EventCountry "AUT"]
[SourceTitle "EXT 2015"]
[Source "ChessBase"]
[SourceDate "2014.11.20"]
[SourceVersion "1"]
[SourceVersionDate "2014.11.20"]
[SourceQuality "1"]

1. e4 e5 2. Nf3 Nc6 3. d4 exd4 4. Nxd4 Nf6 5. Nc3 Bb4 6. Nxc6 bxc6 7. Bd3 d5 8. exd5 cxd5 9. 0-0 Bg4 10. Be2 Be6 11. Bb5+ Nd7 12. Nxd5 Bc5 13. b4 Rb8 14. c4 Bxd5 15. Qxd5 Bxb4 16. Rb1 Bd6 17. Bxd7+ Kxd7 18. Rxb8 Qxb8 19. c5 Re8 20. cxd6 cxd6 21. Qxf7+ Kc6 22. Be3 a5 23. Rc1+ Kb5 24. Rb1+ Kc6 25. Rxb8 Rxb8 26. g3 Rb1+ 27. Kg2 a4 28. Qc4+ Kd7 29. Qxa4+ Ke6 30. Qe4+ 1-0